000 00735nam a2200241 a 4500
001 BRCA_7665
005 20190320205933.0
008 090813s1951----au-a######---#000-0#ger-#
041 _ager
044 _aau
050 4 _aNK5152
_b.V46 1951
245 1 0 _aVenezianer Glaser
_ceinleitung Ignaz Schlosser.
260 _aViena
_bOsterr Museums
_c1951
300 _a11 p.
_bil., 48 láminas
_c23 cm.
440 0 _aÖsterreichischen Museums für Angewandte Kunst
_v2
_918911
500 _aU1
650 1 4 _aCristalería veneciana
_918912
650 1 4 _aGalerías y museos
_zAustria
_97952
700 1 _aSchlosser, Ignaz
_918658
710 2 _aÖsterreichisches Museum für Angewandte Kunst (Viena)
_918913
902 _aGFM
942 _2lcc
_cB
999 _c7339
_d7339